Gminy powiatu Złotowskiego - Statystyki

Ogólne statystyki
  • Ten quiz został rozwiązany 58 razy
  • Średni wynik to 7 z 8
Statystyki odpowiedzi
Typ gminy Odpowiedź % Poprawnych
miejska Złotów
97%
wiejska Złotów
97%
miejsko-wiejska Jastrowie
92%
miejsko-wiejska Okonek
84%
wiejska Lipka
76%
miejsko-wiejska Krajenka
73%
wiejska Zakrzewo
73%
wiejska Tarnówka
62%
Nie znaleziono quizów pasujących do podanych kryteriów
Rozkład punktacji
Procent ludzi z każdym wynikiem
Percentyl według liczby udzielonych odpowiedzi
Twoja historia wyników
Nie rozwiązałeś tego quizu